Central Library OPAC University of Rajshahi

Analysis of groups, (Record no. 57242)

MARC details
000 -LEADER
fixed length control field 00952nam a2200289 a 4500
001 - CONTROL NUMBER
control field 57242
003 - CONTROL NUMBER IDENTIFIER
rucl marc code BD-RjUL
005 - DATE AND TIME OF LATEST TRANSACTION
control field 20211209080504.0
008 - FIXED-LENGTH DATA ELEMENTS--GENERAL INFORMATION
fixed length control field 161207s1974 enk b 001 0 eng
020 ## - INTERNATIONAL STANDARD BOOK NUMBER
International Standard Book Number 0875892051
035 ## - SYSTEM CONTROL NUMBER
System control number (BD-RjUL)57366
040 ## - CATALOGING SOURCE
Original cataloging agency DLC
Transcribing agency DLC
Modifying agency BD-RjUL
Language of cataloging eng
041 ## - LANGUAGE CODE
Language code of text/sound track or separate title eng
082 00 - DEWEY DECIMAL CLASSIFICATION NUMBER
Classification number 302.34
Edition number 23
Author mark and year ANA 1974
245 10 - TITLE STATEMENT
Title Analysis of groups,
Statement of responsibility, etc. Edited by Graham S. Gibbard, John J. Hartman, Richard D. Mann
260 ## - PUBLICATION, DISTRIBUTION, ETC. (IMPRINT)
Place of publication, distribution, etc. London :
Name of publisher, distributor, etc. Jossey-Bass Publishers,
Date of publication, distribution, etc. 1974.
300 ## - PHYSICAL DESCRIPTION
Pagination xxiv, 444 p.
Size 24 cm.
490 0# - SERIES STATEMENT
Series statement Jossey-Bass behavioral science series
504 ## - BIBLIOGRAPHY, ETC. NOTE
Bibliography, etc Includes Bibliographical References
650 #0 - SUBJECT ADDED ENTRY--TOPICAL TERM
Topical term or geographic name as entry element Small groups.
9 (RLIN) 149725
Topical term or geographic name as entry element Group Work
9 (RLIN) 169992
700 1# - ADDED ENTRY--PERSONAL NAME
Personal name Gibbard, Graham S.,
Personal name Hartman, John J.
Personal name Mann, Richard D.
Fuller form of name (Richard Dewey),
Dates associated with a name 1933-
Relator term joint comp.
830 ## - SERIES ADDED ENTRY--UNIFORM TITLE
Uniform title Jossey-Bass behavioral science series
942 ## - ADDED ENTRY ELEMENTS (KOHA)
Source of classification or shelving scheme Dewey Decimal Classification
Koha item type Books
Holdings
Lost status Source of classification or shelving scheme Damaged status Not for loan Collection code Permanent Location Current Location Shelving location Date acquired Source of acquisition Total Checkouts Full call number Date last seen Copy number Koha item type
  Dewey Decimal Classification   Not For Loan Non-fiction Central Library, University of Rajshahi Central Library, University of Rajshahi Reading Room 28/05/1991 Canada   302.34 ANA 1974 07/12/2016 C-1 Books